Get the Picture: Bigger in the US or the UK? Quiz Stats

 Plays Quiz Updated Aug 29, 2019

Score 0/16 Timer 02:00
1 Play Today
Question Answer Wrong Answers
Manchester (New Hampshire or Greater Manchester) United Kingdom
82.5%
United States
11.3%
Hastings (Nebraska or East Sussex) United Kingdom
68%
United States
26.1%
Newburgh (New York or Fife) United States
63.7%
United Kingdom
30.4%
Salisbury (Maryland or Wiltshire) United Kingdom
63.5%
United States
30.7%
Danbury (Connecticut or Essex) United States
62.8%
United Kingdom
31.3%
Bangor (Maine or Gwynedd) United States
61.6%
United Kingdom
32.7%
Durham (North Carolina or County Durham) United States
60.2%
United Kingdom
34.1%
Ely (Nevada or Cambridgeshire) United Kingdom
57.9%
United States
36.3%
Birmingham (Alabama or Midlands) United Kingdom
55.4%
United States
39.1%
Woodbury (Minnesota or Devon) United States
55%
United Kingdom
39.1%
Hampton (Virginia or Greater London) United States
52.7%
United Kingdom
41.6%
Lincoln (Alabama or Lincolnshire) United Kingdom
51.4%
United States
42.6%
Cambridge (Massachusetts or Cambridgeshire) United Kingdom
51.2%
United States
42.8%
Milton (Georgia or Cambridgeshire) United States
51%
United Kingdom
43.1%
Worcester (Massachusetts or Worcestershire) United States
47.7%
United Kingdom
46.5%
Mansfield (Texas or Nottinghamshire) United Kingdom
46.6%
United States
47.6%

Today's Daily Dose

Missing Word
Celine Dion

Word Ladder
Dr. Seuss Books

Quick Pick
Cities in India

Get the Picture
'A' Actresses

You're not logged in!

Compare scores with friends on all Sporcle quizzes.
OR
Log In

Sporcle TV

Today on Sporcle TV


Watch our educational content, quiz creation guides, and fun videos on Sporcle TV.

Show Comments

Extras

Top Quizzes Today


Score Distribution

Your Account Isn't Verified!

In order to create a playlist on Sporcle, you need to verify the email address you used during registration. Go to your Sporcle Settings to finish the process.

Report this User

Report this user for behavior that violates our Community Guidelines.

Details: